<?xml version="1.0" encoding="UTF-8"?>
<record
    xmlns:xsi="http://www.w3.org/2001/XMLSchema-instance"
    xsi:schemaLocation="http://www.loc.gov/MARC21/slim http://www.loc.gov/standards/marcxml/schema/MARC21slim.xsd"
    xmlns="http://www.loc.gov/MARC21/slim">

  <leader>01224nam a22001697a 4500</leader>
  <controlfield tag="003">OSt</controlfield>
  <controlfield tag="005">20231227085831.0</controlfield>
  <controlfield tag="008">231227s2007    ag ||||| |||| 00| 0 spa d</controlfield>
  <datafield tag="020" ind1=" " ind2=" ">
    <subfield code="a">9789705801761</subfield>
  </datafield>
  <datafield tag="040" ind1=" " ind2=" ">
    <subfield code="c">besoc</subfield>
  </datafield>
  <datafield tag="100" ind1=" " ind2=" ">
    <subfield code="a">Gilbert, Elizabeth</subfield>
    <subfield code="e">autor</subfield>
  </datafield>
  <datafield tag="245" ind1=" " ind2=" ">
    <subfield code="a">Comer Rezar Amar</subfield>
    <subfield code="c">Elizabeth Gilbert</subfield>
  </datafield>
  <datafield tag="260" ind1=" " ind2=" ">
    <subfield code="a">Mexico:</subfield>
    <subfield code="b">Santillana</subfield>
    <subfield code="c">2007</subfield>
  </datafield>
  <datafield tag="300" ind1=" " ind2=" ">
    <subfield code="a">350 p.</subfield>
  </datafield>
  <datafield tag="520" ind1=" " ind2=" ">
    <subfield code="a">Despu&#xE9;s de un divorcio traum&#xE1;tico, seguido de un desenga&#xF1;o amoroso y en plena crisis emocional y espiritual, Elizabeth Gilbert decide empezar de nuevo y emprender un largo viaje que la llevara sucesivamente a Italia, La India e Indonesia, tres escalas geogr&#xE1;ficas que se corresponden con otras tantas etapas de b&#xFA;squeda interior. Este libro es la bit&#xE1;cora de esa doble traves&#xED;a, en la que la autora descubrir&#xE1; el el placer sensual de la buena mesa y la buena conversaci&#xF3;n (la dolce vita romana), la paz interior alcanzada mediante la meditaci&#xF3;n en Bombay y, por fin, el deseado equilibrio entre cuerpo y esp&#xED;ritu en Bali.
Lucida y valiente novela autobiograf&#xED;a, Comer, Rezar, Amar trata de lo que ocurre cuando decidimos ser art&#xED;fices de nuestra felicidad y dejamos de vivir seg&#xFA;n los modelos impuestos. </subfield>
  </datafield>
  <datafield tag="942" ind1=" " ind2=" ">
    <subfield code="2">udc</subfield>
    <subfield code="c">LPD</subfield>
    <subfield code="n">0</subfield>
  </datafield>
  <datafield tag="999" ind1=" " ind2=" ">
    <subfield code="c">177</subfield>
    <subfield code="d">177</subfield>
  </datafield>
</record>
